Курс английского языка по физике "Актуальные проблемы ядерной безопасности": книга для студента; учебное пособие

Bibliografske podrobnosti
Korporativna značnica: Национальный исследовательский Томский политехнический университет (ТПУ) Физико-технический институт (ФТИ) Кафедра иностранных языков физико-технического института (ИЯФТ)
Drugi avtorji: Годовых А. В. Алексей Валерьевич, Данейкин Ю. В. Юрий Викторович, Данейкина Н. В. Наталья Викторовна, Фалькович Ю. В. Юлия Валерьевна, Шепотенко Н. А. Наталья Анатольевна
Izvleček:Заглавие с титульного экрана
Текст на английском языке
Пособие составлено в соответствии с образовательной программой Национального исследовательского томского политехнического университета по дисциплине "Профессиональный иностранный язык". Содержит тщательно отобранные оригинальные современные тексты по ядерным технологиям. К ним разработана система упражнений, нацеленных на овладение общенаучной лексикой и терминологией, имеющих коммуникативную направленность и позволяющих вовлекать студентов во все виды речевой деятельности. Предназначено для студентов ядерно-энергетических специальностей, продолжающих изучение иностранного языка в вузе.
Режим доступа: из корпоративной сети ТПУ
Jezik:angleščina
Izdano: Томск, Изд-во ТПУ, 2012
Teme:
Online dostop:http://www.lib.tpu.ru/fulltext2/m/2012/m447.pdf
Format: Elektronski Knjiga
KOHA link:https://koha.lib.tpu.ru/cgi-bin/koha/opac-detail.pl?biblionumber=228462

MARC

LEADER 00000nlm0a2200000 4500
001 228462
005 20231101230858.0
035 |a (RuTPU)RU\TPU\book\248936 
090 |a 228462 
100 |a 20121219d2012 m y0rusy50 ca 
101 0 |a eng 
102 |a RU 
105 |a a j 001zy 
135 |a drcn ---uucaa 
181 0 |a i  
182 0 |a b 
200 1 |a Курс английского языка по физике "Актуальные проблемы ядерной безопасности"  |b Электронный ресурс  |d Current Issues of Nuclear Security. Student's book  |e книга для студента  |e учебное пособие  |f А. В. Годовых [и др.]  |g Национальный исследовательский Томский политехнический университет (ТПУ), Физико-технический институт (ФТИ), Кафедра иностранных языков физико-технического института (ИЯФТ) 
203 |a Текст  |c электронный 
210 |a Томск  |c Изд-во ТПУ  |d 2012 
230 |a 1 компьютерный файл (pdf; 2 MB) 
300 |a Заглавие с титульного экрана 
300 |a Текст на английском языке 
330 |a Пособие составлено в соответствии с образовательной программой Национального исследовательского томского политехнического университета по дисциплине "Профессиональный иностранный язык". Содержит тщательно отобранные оригинальные современные тексты по ядерным технологиям. К ним разработана система упражнений, нацеленных на овладение общенаучной лексикой и терминологией, имеющих коммуникативную направленность и позволяющих вовлекать студентов во все виды речевой деятельности. Предназначено для студентов ядерно-энергетических специальностей, продолжающих изучение иностранного языка в вузе. 
333 |a Режим доступа: из корпоративной сети ТПУ 
337 |a Adobe Reader 
510 1 |a Current Issues of Nuclear Security. Student's book  |z eng 
606 1 |a Английский язык  |x Учебные руководства и пособия  |x Учебные руководства и пособия для высшей школы  |2 stltpush  |3 (RuTPU)RU\TPU\subj\29071  |9 52483 
610 1 |a электронный ресурс 
610 1 |a труды учёных ТПУ 
610 1 |a учебные пособия 
610 1 |a английский язык 
610 1 |a ядерные технологии 
610 1 |a лексика 
610 1 |a терминология 
610 1 |a коммуникативность 
610 1 |a коммуникативные навыки 
610 1 |a речевая деятельность 
686 |a Ш143.21-923  |v LBC/SL-A  |2 rubbk 
701 1 |a Годовых  |b А. В.  |c российский физик-ядерщик  |c старший преподаватель Томского политехнического университета, магистр физики  |f 1983-  |g Алексей Валерьевич  |2 stltpush  |3 (RuTPU)RU\TPU\pers\25483 
701 1 |a Данейкин  |b Ю. В.  |c российский физик  |c доцент Томского политехнического университета, кандидат физико-математических наук  |f 1978-  |g Юрий Викторович  |2 stltpush  |3 (RuTPU)RU\TPU\pers\25387 
701 1 |a Данейкина  |b Н. В.  |c лингвист  |c старший преподаватель Томского политехнического университета  |g Наталья Викторовна  |2 stltpush  |3 (RuTPU)RU\TPU\pers\30231 
701 1 |a Фалькович  |b Ю. В.  |c лингвист  |c преподаватель Томского политехнического университета  |g Юлия Валерьевна  |2 stltpush  |3 (RuTPU)RU\TPU\pers\28988 
701 1 |a Шепотенко  |b Н. А.  |c специалист в области ядерной энергетики, организации высшего профессионального образования  |c доцент Томского политехнического университета  |c начальник управления магистратуры, аспирантуры и докторантуры  |f 1970-  |g Наталья Анатольевна  |2 stltpush  |3 (RuTPU)RU\TPU\pers\26557 
712 0 2 |a Национальный исследовательский Томский политехнический университет (ТПУ)  |b Физико-технический институт (ФТИ)  |b Кафедра иностранных языков физико-технического института (ИЯФТ)  |h 6715  |2 stltpush  |3 (RuTPU)RU\TPU\col\18736 
801 1 |a RU  |b 63413507  |c 20121219 
801 2 |a RU  |b 63413507  |c 20130425  |g RCR 
856 4 |u http://www.lib.tpu.ru/fulltext2/m/2012/m447.pdf 
942 |c CF